Solutions intermediate : student's book /
Guardado en:
| Autor Principal: | |
|---|---|
| Otros Autores: | |
| Formato: | Libro |
| Publicado: |
New York :
Oxford,
2008
|
| Materias: | |
| Etiquetas: |
Agregar Etiqueta
Sin Etiquetas, Sea el primero en etiquetar este registro!
|
| LEADER | 00549nam a22001935a 4500 | ||
|---|---|---|---|
| 001 | CEM.cems013307 | ||
| 005 | 20100319092845.0 | ||
| 008 | 130507s2008##################000#0#####d | ||
| 003 | CEMS | ||
| 020 | |a 9780194551809 | ||
| 082 | 0 | 4 | |a 428.64 |
| 100 | 1 | |a Falla, Tim | |
| 245 | 1 | 0 | |a Solutions intermediate : |b student's book / |c Tim Falla y Paul A. Davies |
| 260 | |a New York : |b Oxford, |c 2008 | ||
| 300 | |a 138 p. | ||
| 653 | |a Inglés | ||
| 653 | |a Inglés-textos | ||
| 700 | 1 | |a Davies, Paul A. | |
| 859 | |a CEMS |b BIB. CEMS - 11 de abril |h 428.64 |i F185-3 |p 25809.10 |t Ej.1 | ||
